Budapest városmárkázása Marketingstratégiák és imázsformálás a főváros kommunikációjában
| Szerző: | |
|---|---|
| További közreműködők: | |
| Dokumentumtípus: | Diplomadolgozat |
| Kulcsszavak: | Budapest desztinációmarketing marketing turizmus városimázs |
| Online Access: | http://dolgozattar.uni-bge.hu/60186 |
MARC
| LEADER | 00000nta a2200000 i 4500 | ||
|---|---|---|---|
| 001 | dolg60186 | ||
| 005 | 20260409150113.0 | ||
| 008 | 260409suuuu hu om 000 hun d | ||
| 040 | |a BGE Dolgozattár Repozitórium |b hun | ||
| 041 | |a hu | ||
| 100 | 1 | |a Varga Kíra Atina | |
| 245 | 1 | 0 | |a Budapest városmárkázása |b Marketingstratégiák és imázsformálás a főváros kommunikációjában |c Varga Kíra Atina |h [elektronikus dokumentum] |
| 520 | 3 | |a Szakdolgozatom Budapest turizmusmarketing stratégiáját vizsgálja, különös tekintettel annak imázsformáló hatásaira. Elemzem, hogyan lehet hatékonyan megszólítani a különböző korosztályokat, mely kommunikációs csatornák bizonyulnak a legeredményesebbnek, valamint hol érdemes fejleszteni Budapest marketingstratégiáin. A dolgozat kérdőíves kutatáson, esettanulmányokon és szakirodalmi elemzésen alapul. Célja felmérni a város vonzerejének, illetve imázsának növelési lehetőségeit tudatos marketingeszközökkel. | |
| 695 | |a Budapest | ||
| 695 | |a desztinációmarketing | ||
| 695 | |a marketing | ||
| 695 | |a turizmus | ||
| 695 | |a városimázs | ||
| 700 | 1 | |a Bándoli Attila István |e ths | |
| 856 | 4 | 0 | |u http://dolgozattar.uni-bge.hu/60186/1/Varga%20K%C3%ADra%20Atina%20%28KXJQLH%29-Budapest%20v%C3%A1rosm%C3%A1rk%C3%A1z%C3%A1sa.pdf |z Dokumentum-elérés |
| 856 | 4 | 0 | |u http://dolgozattar.uni-bge.hu/60186/2/B%C3%ADr%C3%A1lati%20lap_Varga%20K%C3%ADra%20Atina%20KXJQLH.pdf |z Dokumentum-elérés |
| 856 | 4 | 0 | |u http://dolgozattar.uni-bge.hu/60186/3/Szakdolgozat%20%C3%A9rt%C3%A9kel%C5%91%20Bsc%20%284%29%20Varga%20Kira%20Atina.pdf |z Dokumentum-elérés |